000 005880000a22001090004500
100 1 _aJunca, Humberto
245 1 0 _aLa velocidad de la luz
300 _aVol.0, núm.24 (Septiembre, 2007), Páginas 36-37
520 _aDos artistas latinoamericanos exponen dos espléndidas obras basadas en el concepto de la luz y la sombra: ella es brasileña; él, argentino. Ambos creen en una obra no estática, cambiante, que jamás deje de mover la mirada del espectador. Dos muestras notables en la Biblioteca Luis Ángel Arango.
773 0 _tArcadia / Andrés Felipe Solano, Editor
942 _cANA
999 _c62363
_d62363